| 000 | 00730 a2200253 4500 | ||
|---|---|---|---|
| 001 | 108222 | ||
| 020 | _a9780618603879 (set) | ||
| 041 | _apor | ||
| 090 | _aRA SK [E] MAR | ||
| 092 | _a2011292105 | ||
| 250 | _a. ed. | ||
| 300 | _a24 p. | ||
| 490 | _aA book & CD favorite | ||
| 697 | _aParrots - Fiction. | ||
| 697 | _aMonkeys - Fiction. | ||
| 697 | _aZoos - Fiction. | ||
| 830 | _aA book & CD favorite | ||
| 856 | _u000017/00001797.jpg | ||
| 040 |
_aBR-BrIDEA _cBR-BrIDEA |
||
| 245 | 1 | 0 |
_aCurious George feeds the animals _cillustrated in the style of H.A. Rey by Vipah Interactive |
| 260 |
_aNew York _bHoughton Mifflin _c2005 |
||
| 700 |
_athe style of H.A. Rey by Vipah Interactive _eIllustrated |
||
| 942 | _cMU | ||
| 999 |
_c108222 _d108222 |
||